| 000 | 00600nam a2200193Ia 4500 | ||
|---|---|---|---|
| 999 |
_c10711 _d10711 |
||
| 003 | OSt | ||
| 005 | 20200106132021.0 | ||
| 008 | 190216s9999||||xx |||||||||||||| ||und|| | ||
| 020 | _a9788121912488 | ||
| 040 | _coclc | ||
| 082 |
_a332.632042 _bBHA/I |
||
| 100 |
_aBhalla, V K _91070 |
||
| 245 | 0 |
_aInvestment Management : _bSecurity Analysis And Portfolio Management / _c V K Bhalla |
|
| 250 | _a10th ed. | ||
| 260 |
_bS Chand & Company, _c2004. _aNew Delhi: |
||
| 300 | _a1012p | ||
| 650 |
_aEconomics _xInvestments |
||
| 942 |
_cBK _2ddc _h332.632042 _iBHA/I _k332.632042 _mBHA/I |
||